00546nam a2200133Ia 4500008004100000020001800041082001700059100001900076245012200095260004700217300001000264500007100274650006700345120622s9999 xx 000 0 und d a970-9715-13-5 a658.409 Y35e aYeh, Raymond T aEl arte de los negocios : tras la huella de los gigantes / Raymond T. Yeh ; con la colaboración de Stephanie H. Yeh aMéxico : Fondo Editorial de Nuevo León a265 p aTítulo original: The art of business. In the footsteps of giants a1. LIDERAZGO\ \2. ADMINISTRACION DE EMPRESAS\3. EJECUTIVOSÌ